| 000 | 00767cam a2200229 a 4500 | ||
|---|---|---|---|
| 001 | 000018653 | ||
| 005 | 20200929165833.0 | ||
| 008 | 810406s1970 ve 000 p spa d | ||
| 035 | _a(DLC) 81125838 | ||
| 040 |
_aDO-SdBNP _cDLC _dDLC _dBNPHU |
||
| 082 |
_aV861.44 _bD259m |
||
| 100 | 1 |
_aDávila Andrade, César, _d1919-1967. _940297 |
|
| 245 | 1 | 0 |
_aMateria real : _bantología / _cCésar Dávila Andrade ; selección de textos, Pierre de Place, Juan Sánchez Peláez y Néstor Leal. |
| 260 |
_aCaracas : _bMonte Ávila Editores, _c1970. |
||
| 300 |
_a202 p. ; _c20 cm. |
||
| 490 | 1 | _aAltazor | |
| 650 | 4 |
_aPoesía venezolana _94230 |
|
| 650 | 4 |
_aLiteratura venezolana _93816 |
|
| 830 | 0 |
_aAltazor ; _98724 |
|
| 910 | _aCatalogación derivada / LC | ||
| 049 | _aBNGR | ||
| 999 |
_c18173 _d18173 |
||